[Event "Campeoanto del Mundo Femenino Equipos"]
[Site "Ekaterinburg RUS"]
[Date "2007.05.22"]
[Round "3.33"]
[White "Zawadzka, Jolanta"]
[Black "Ruan, Lufei"]
[Result "0-1"]
[WhiteElo "2348"]
[BlackElo "2370"]
[PlyCount "84"]
[EventDate "2007.05.20"]
[EventType "team"]
[EventCountry "RUS"]
[Source "lmi"]
[SourceDate "2007.05.19"]
[WhiteTeam "Poland"]
[BlackTeam "China"]
[WhiteTeamCountry "POL"]
[BlackTeamCountry "CHN"]

1. e4 e5 2. Nf3 Nc6 3. Bb5 a6 4. Ba4 Nf6 5. O-O Nxe4 6. d4 b5 7. Bb3 d5 8. dxe5
Be6 9. Nbd2 Nc5 10. c3 d4 11. Bc2 dxc3 12. bxc3 Be7 13. Ba3 Rb8 14. Bxc5 Bxc5
15. Qe2 Rb6 16. Rfd1 Qe7 17. a4 Nd8 18. axb5 axb5 19. Ne4 O-O 20. Nxc5 Qxc5 21.
Qe4 g6 22. Qh4 Bd5 23. Ng5 h5 24. Rd3 Ne6 25. Rad1 Qc4 26. Qg3 Nf4 27. Qe3 Nxd3
28. Bxd3 Qxc3 29. Rc1 Qb3 30. Rb1 Qa4 31. Qc5 Qg4 32. Qxd5 Qxg5 33. Qe4 Rd8 34.
Bc2 c5 35. h4 Qg4 36. Qe3 Qd4 37. Qg5 Re8 38. Re1 Rbe6 39. Qh6 Rxe5 40. Rd1
Re1+ 41. Rxe1 Rxe1+ 42. Kh2 Qxh4# 0-1

[Event "Campeoanto del Mundo Femenino Equipos"]
[Site "Ekaterinburg RUS"]
[Date "2007.05.22"]
[Round "3.43"]
[White "Vasilevich, Tatjana"]
[Black "Sabure, Ontiretse"]
[Result "1-0"]
[WhiteElo "2383"]
[BlackElo "2067"]
[PlyCount "53"]
[EventDate "2007.05.20"]
[EventType "team"]
[EventCountry "RUS"]
[Source "lmi"]
[SourceDate "2007.05.19"]
[WhiteTeam "Ukraine"]
[BlackTeam "Botswana"]
[WhiteTeamCountry "UKR"]
[BlackTeamCountry "BOT"]

1. d4 Nf6 2. c4 e6 3. g3 d5 4. Nf3 Nbd7 5. Bg2 Be7 6. O-O O-O 7. Nc3 dxc4 8. e4
Nb6 9. Qe2 Re8 10. Rd1 Bf8 11. Ne5 Nfd7 12. Nxc4 c6 13. Bf4 Nxc4 14. Qxc4 b5
15. Qxc6 Nb6 16. Qxb5 Bd7 17. Qe2 f5 18. Rac1 g5 19. Be5 a6 20. exf5 exf5 21.
Qh5 Ra7 22. g4 Be6 23. gxf5 Bxf5 24. Be4 Bc8 25. Rd3 Rf7 26. Rf3 Rxf3 27. Qxh7#
1-0

[Event "Campeoanto del Mundo Femenino Equipos"]
[Site "Ekaterinburg RUS"]
[Date "2007.05.22"]
[Round "3.52"]
[White "Sikorova, Olga"]
[Black "Mkrtchian, Lilit"]
[Result "0-1"]
[WhiteElo "2304"]
[BlackElo "2424"]
[PlyCount "62"]
[EventDate "2007.05.20"]
[EventType "team"]
[EventCountry "RUS"]
[Source "lmi"]
[SourceDate "2007.05.19"]
[WhiteTeam "Czech Republic"]
[BlackTeam "Armenia"]
[WhiteTeamCountry "CZE"]
[BlackTeamCountry "ARM"]

1. e4 e6 2. d4 d5 3. e5 c5 4. c3 Qb6 5. Nf3 Bd7 6. a3 a5 7. Be2 Nc6 8. O-O Nh6
9. Bxh6 gxh6 10. Qd2 a4 11. dxc5 Bxc5 12. c4 Na5 13. Qxh6 dxc4 14. Nbd2 O-O-O
15. Nxc4 Nxc4 16. Bxc4 Bc6 17. Qf4 Rhg8 18. g3 h5 19. Rac1 Kb8 20. Rc2 Rg4 21.
Qf6 Rdg8 22. Be2 Be4 23. Rd2 Ka7 24. Nh4 Qb3 25. Nf3 h4 26. Kg2 hxg3 27. fxg3
Qe3 28. Rfd1 Qf2+ 29. Kh1 Rxg3 30. hxg3 Rxg3 31. Bf1 Rg1# 0-1

[Event "Campeoanto del Mundo Femenino Equipos"]
[Site "Ekaterinburg RUS"]
[Date "2007.05.22"]
[Round "3.53"]
[White "Aginian, Nelly"]
[Black "Blazkova, Petra"]
[Result "1-0"]
[WhiteElo "2263"]
[BlackElo "2237"]
[PlyCount "85"]
[EventDate "2007.05.20"]
[EventType "team"]
[EventCountry "RUS"]
[Source "lmi"]
[SourceDate "2007.05.19"]
[WhiteTeam "Armenia"]
[BlackTeam "Czech Republic"]
[WhiteTeamCountry "ARM"]
[BlackTeamCountry "CZE"]

1. e4 c5 2. Nf3 d6 3. d4 cxd4 4. Nxd4 Nf6 5. Nc3 a6 6. Be3 e6 7. f3 b5 8. g4
Nfd7 9. Qd2 Nb6 10. O-O-O Bb7 11. Nb3 b4 12. Bxb6 bxc3 13. Qe3 cxb2+ 14. Kb1
Qc8 15. Na5 Be7 16. Nc4 Qc6 17. Qd4 O-O 18. Nxd6 Nd7 19. Ba5 Rab8 20. Nf5 exf5
21. Qxd7 Qf6 22. Qxf5 Qh6 23. Bc4 Bc6 24. Bd2 Qh4 25. Be1 Qh6 26. Bg3 Rb4 27.
Bb3 Rb5 28. Qf4 g5 29. Qc7 Rb7 30. Qe5 a5 31. Qxa5 Rb4 32. Qc7 Rb7 33. Qa5 Rb5
34. Qc3 Bb4 35. Qd4 Bc5 36. Qxb2 Qh3 37. Qf6 Ba3 38. Qxc6 Rc5 39. Qf6 Qg2 40.
Be5 Rxe5 41. Qxe5 h6 42. Qf6 Kh7 43. h4 1-0

[Event "Campeoanto del Mundo Femenino Equipos"]
[Site "Ekaterinburg RUS"]
[Date "2007.05.22"]
[Round "3.54"]
[White "Nemcova, Katerina"]
[Black "Aghabekyan, Liana"]
[Result "0-1"]
[WhiteElo "2164"]
[BlackElo "2213"]
[PlyCount "115"]
[EventDate "2007.05.20"]
[EventType "team"]
[EventCountry "RUS"]
[Source "lmi"]
[SourceDate "2007.05.19"]
[WhiteTeam "Czech Republic"]
[BlackTeam "Armenia"]
[WhiteTeamCountry "CZE"]
[BlackTeamCountry "ARM"]

1. e4 e5 2. Nf3 Nc6 3. Bb5 Nf6 4. O-O Nxe4 5. d4 a6 6. Ba4 b5 7. Bb3 d5 8. dxe5
Be6 9. Qe2 Na5 10. Rd1 Nxb3 11. axb3 Qd7 12. Be3 Be7 13. c4 O-O 14. Nc3 Nxc3
15. bxc3 Rfd8 16. c5 Bg4 17. h3 Bxf3 18. Qxf3 Qe6 19. Bd4 c6 20. b4 Rd7 21. Qd3
Qg6 22. Qe2 Rda7 23. Rd3 Qe6 24. Rd2 Bd8 25. Rda2 Qd7 26. Ra3 a5 27. bxa5 Rxa5
28. Rxa5 Rxa5 29. Rxa5 Bxa5 30. Qa2 Qa7 31. g3 h6 32. Kg2 Qc7 33. f4 b4 34.
cxb4 Bxb4 35. Qa8+ Kh7 36. f5 Qa5 37. Qxa5 Bxa5 38. Kf3 g6 39. Kg4 Bd2 40.
fxg6+ Kxg6 41. Kf3 Kf5 42. Bb2 h5 43. Bd4 Ba5 44. e6 fxe6 45. g4+ hxg4+ 46.
hxg4+ Kg6 47. Be5 Bd8 48. Kf4 Bg5+ 49. Kf3 Bf6 50. Kf4 Bxe5+ 51. Kxe5 Kg5 52.
Kxe6 d4 53. Kd6 d3 54. Kxc6 d2 55. Kb7 d1=Q 56. c6 Qb3+ 57. Kc8 Qe6+ 58. Kb7
0-1

[Event "Campeoanto del Mundo Femenino Equipos"]
[Site "Ekaterinburg RUS"]
[Date "2007.05.23"]
[Round "4.11"]
[White "Le Kieu Thien, Kim"]
[Black "Jackova, Jana"]
[Result "1/2-1/2"]
[WhiteElo "2298"]
[BlackElo "2423"]
[PlyCount "94"]
[EventDate "2007.05.20"]
[EventType "team"]
[EventCountry "RUS"]
[Source "lmi"]
[SourceDate "2007.05.19"]
[WhiteTeam "Vietnam"]
[BlackTeam "Czech Republic"]
[WhiteTeamCountry "VIE"]
[BlackTeamCountry "CZE"]

1. e4 e5 2. Nf3 Nc6 3. Nc3 Nf6 4. Bb5 Bb4 5. O-O O-O 6. d3 d6 7. Bg5 Bxc3 8.
bxc3 Ne7 9. Bxf6 gxf6 10. Nh4 c6 11. Ba4 f5 12. exf5 Nd5 13. Qh5 Qf6 14. g3
Nxc3 15. Bb3 d5 16. Rae1 Bd7 17. f4 exf4 18. Rxf4 Rae8 19. Rg4+ Kh8 20. Rf1 b5
21. Ng2 Rg8 22. Rh4 Rg7 23. a4 a6 24. axb5 axb5 25. Qh6 Qg5 26. Qd6 f6 27. Kh1
Re5 28. Rh5 Rxf5 29. Rxf5 Qc1+ 30. Ne1 Qxe1+ 31. Kg2 Bxf5 32. Qf8+ Rg8 33.
Qxf6+ Rg7 34. Rxf5 Nd1 35. Re5 Ne3+ 36. Kh3 Qf1+ 37. Qxf1 Nxf1 38. Re2 Ra7 39.
d4 Ra1 40. Kg2 Rc1 41. h3 Kg7 42. g4 Rd1 43. c4 Rd3 44. cxd5 Ne3+ 45. Kf2 Nxd5
46. Bxd5 cxd5 47. Rb2 Rxd4 1/2-1/2

[Event "Campeoanto del Mundo Femenino Equipos"]
[Site "Ekaterinburg RUS"]
[Date "2007.05.23"]
[Round "4.12"]
[White "Sikorova, Olga"]
[Black "Le Thanh Tu"]
[Result "0-1"]
[WhiteElo "2304"]
[BlackElo "2306"]
[PlyCount "144"]
[EventDate "2007.05.20"]
[EventType "team"]
[EventCountry "RUS"]
[Source "lmi"]
[SourceDate "2007.05.19"]
[WhiteTeam "Czech Republic"]
[BlackTeam "Vietnam"]
[WhiteTeamCountry "CZE"]
[BlackTeamCountry "VIE"]

1. e4 e6 2. d4 d5 3. e5 c5 4. c3 Nc6 5. Nf3 Qb6 6. a3 Nh6 7. b4 cxd4 8. cxd4
Nf5 9. Be3 Bd7 10. Bd3 Rc8 11. Bxf5 exf5 12. Qd3 Be7 13. O-O Be6 14. Nc3 h6 15.
h4 Qd8 16. Nb5 a6 17. Nd6+ Bxd6 18. exd6 Qxd6 19. Qd2 Qe7 20. Rfe1 Qf6 21. Bf4
O-O 22. Re3 Rfe8 23. h5 Kh7 24. Rae1 Bd7 25. Rxe8 Rxe8 26. Rxe8 Bxe8 27. g3 Qe6
28. Ne5 f6 29. Nxc6 Qxc6 30. Qe2 Qb5 31. Qxb5 Bxb5 32. Bd6 Be2 33. f4 Bxh5 34.
a4 Bd1 35. a5 g5 36. Kf2 Kg6 37. Be7 Bc2 38. Kg2 Be4+ 39. Kh3 Bd3 40. Kg2 Kh5
41. Bxf6 gxf4 42. gxf4 Kg4 43. Be5 h5 44. Bd6 h4 45. Be5 h3+ 46. Kh2 Bf1 47.
Bd6 Kf3 48. Be5 Ke3 49. Kg3 Kd3 50. Kh2 Kc4 51. Kg3 Kxb4 52. Bc7 Kc4 53. Be5
Kb5 54. Bc7 Kc6 55. Bb6 Kb5 56. Bc7 Kc4 57. Be5 Kd3 58. Kh2 Ke3 59. Kg3 Ke4 60.
Kh2 Kf3 61. Bd6 Kg4 62. Be5 Bb5 63. Bd6 Bd7 64. Be5 b5 65. axb6 Bc8 66. Bc7 Bb7
67. Bb8 a5 68. Bc7 a4 69. Bd6 Bc8 70. Bc5 Kxf4 71. Kxh3 Ke3 72. Bd6 f4+ 0-1

[Event "Campeoanto del Mundo Femenino Equipos"]
[Site "Ekaterinburg RUS"]
[Date "2007.05.23"]
[Round "4.13"]
[White "Hoang Thi Bao, Tram"]
[Black "Blazkova, Petra"]
[Result "1/2-1/2"]
[WhiteElo "2317"]
[BlackElo "2237"]
[PlyCount "89"]
[EventDate "2007.05.20"]
[EventType "team"]
[EventCountry "RUS"]
[Source "lmi"]
[SourceDate "2007.05.19"]
[WhiteTeam "Vietnam"]
[BlackTeam "Czech Republic"]
[WhiteTeamCountry "VIE"]
[BlackTeamCountry "CZE"]

1. d4 f5 2. g3 g6 3. Bg2 Nf6 4. c4 Bg7 5. Nc3 O-O 6. Nf3 d6 7. O-O Nc6 8. d5
Ne5 9. Nd2 c5 10. Qc2 g5 11. b3 Qe8 12. Re1 f4 13. gxf4 gxf4 14. Nf3 Nfg4 15.
Qe4 Qh5 16. h3 Nh6 17. Bxf4 Nxf3+ 18. Bxf3 Qxh3 19. Rac1 Ng4 20. Bg3 Rf7 21.
Bxg4 Bxg4 22. Qh1 Qxh1+ 23. Kxh1 Bd4 24. Kg2 Raf8 25. Nd1 Rg7 26. f4 h5 27. Rh1
Bxe2 28. Nc3 Bg4 29. Ne4 e5 30. dxe6 Bxe6 31. Rxh5 Rxf4 32. Re1 Be5 33. Rg5 Rg4
34. Rxg4 Rxg4 35. Kf3 Bxg3 36. Nxg3 Rg6 37. Kf4 Kf7 38. Ne4 Ke7 39. Rh1 Kd7 40.
Rd1 Rg4+ 41. Ke3 Ke7 42. Rd2 b6 43. Nxd6 Rd4 44. Nb5 Rxd2 45. Ke4 1/2-1/2

[Event "Campeoanto del Mundo Femenino Equipos"]
[Site "Ekaterinburg RUS"]
[Date "2007.05.23"]
[Round "4.14"]
[White "Nemcova, Katerina"]
[Black "Pham Le Thao, Nguyen"]
[Result "0-1"]
[WhiteElo "2183"]
[BlackElo "2263"]
[PlyCount "84"]
[EventDate "2007.05.20"]
[EventType "team"]
[EventCountry "RUS"]
[Source "lmi"]
[SourceDate "2007.05.19"]
[WhiteTeam "Czech Republic"]
[BlackTeam "Vietnam"]
[WhiteTeamCountry "CZE"]
[BlackTeamCountry "VIE"]

1. e4 Nf6 2. e5 Nd5 3. d4 d6 4. c4 Nb6 5. exd6 cxd6 6. Nc3 g6 7. Be3 Bg7 8. Rc1
O-O 9. b3 e5 10. dxe5 dxe5 11. Qxd8 Rxd8 12. c5 N6d7 13. Bc4 Nf8 14. Nb5 Nc6
15. Nd6 Ne6 16. Nf3 Bf8 17. Nxc8 Raxc8 18. Bxe6 fxe6 19. O-O Nd4 20. Kh1 Rxc5
21. Rxc5 Bxc5 22. Nxe5 Rd5 23. Ng4 Kf7 24. h3 h5 25. Nh2 Ne2 26. Bxc5 Rxc5 27.
Nf3 Rc1 28. Re1 Rxe1+ 29. Nxe1 Nc1 30. g4 hxg4 31. hxg4 Nxa2 32. Nd3 Kf6 33.
Kg2 Nc3 34. Kf3 b6 35. Ke3 e5 36. f3 Ke6 37. Nf2 a5 38. Kd3 Nb5 39. Ne4 Nd4 40.
Nd2 Kd5 41. Nc4 b5 42. Nd2 Nxf3 0-1

[Event "Campeoanto del Mundo Femenino Equipos"]
[Site "Ekaterinburg RUS"]
[Date "2007.05.23"]
[Round "4.21"]
[White "Sabure, Tuduetso"]
[Black "Danielian, Elina"]
[Result "0-1"]
[WhiteElo "2067"]
[BlackElo "2424"]
[PlyCount "66"]
[EventDate "2007.05.20"]
[EventType "team"]
[EventCountry "RUS"]
[Source "lmi"]
[SourceDate "2007.05.19"]
[WhiteTeam "Botswana"]
[BlackTeam "Armenia"]
[WhiteTeamCountry "BOT"]
[BlackTeamCountry "ARM"]

1. e4 c6 2. d4 d6 3. Nf3 Nf6 4. Nc3 Bg4 5. Be2 e6 6. O-O d5 7. exd5 cxd5 8. Ne5
Bxe2 9. Qxe2 Nc6 10. Qb5 Qc8 11. Be3 Bd6 12. Nxc6 bxc6 13. Qe2 O-O 14. Na4 Re8
15. c3 e5 16. dxe5 Rxe5 17. Qd3 Rh5 18. f4 Ne4 19. Rf3 Qe6 20. Qf1 g5 21. Qe2
g4 22. Rff1 f5 23. Rae1 Qh6 24. g3 Nxg3 25. Qg2 Nxf1 26. Rxf1 Re8 27. Bd2 Re4
28. b3 Rh3 29. b4 Qe6 30. Nc5 Bxc5+ 31. bxc5 Re2 32. Rf2 Rxd2 33. Qf1 Qe3 0-1

[Event "Campeoanto del Mundo Femenino Equipos"]
[Site "Ekaterinburg RUS"]
[Date "2007.05.23"]
[Round "4.23"]
[White "Modongo, Boikhutso"]
[Black "Andriasian, Siranush"]
[Result "0-1"]
[WhiteElo "1962"]
[BlackElo "2252"]
[PlyCount "62"]
[EventDate "2007.05.20"]
[EventType "team"]
[EventCountry "RUS"]
[Source "lmi"]
[SourceDate "2007.05.19"]
[WhiteTeam "Botswana"]
[BlackTeam "Armenia"]
[WhiteTeamCountry "BOT"]
[BlackTeamCountry "ARM"]

1. e4 c5 2. Nf3 d6 3. d4 cxd4 4. Nxd4 Nf6 5. Nc3 a6 6. Be2 e5 7. Nf3 Be7 8. O-O
b5 9. a3 Bb7 10. Bd3 O-O 11. h3 Nbd7 12. Qe2 Qc7 13. Bd2 Rfe8 14. Rfe1 Bf8 15.
a4 b4 16. Nd1 d5 17. Nh2 Nxe4 18. Bxe4 dxe4 19. Ne3 Nf6 20. Nhf1 a5 21. Qc4 Qb6
22. Qb3 Rac8 23. c3 Red8 24. Rac1 Rd3 25. Qa2 b3 26. Qa1 Bc5 27. Red1 Nd5 28.
Kh1 Qg6 29. Nc4 Bxf2 30. Nxe5 Rxh3+ 31. Nh2 Rxh2+ 0-1

[Event "Campeoanto del Mundo Femenino Equipos"]
[Site "Ekaterinburg RUS"]
[Date "2007.05.23"]
[Round "4.33"]
[White "Ruan, Lufei"]
[Black "Khurtsidze, Nino"]
[Result "1/2-1/2"]
[WhiteElo "2370"]
[BlackElo "2469"]
[PlyCount "56"]
[EventDate "2007.05.20"]
[EventType "team"]
[EventCountry "RUS"]
[Source "lmi"]
[SourceDate "2007.05.19"]
[WhiteTeam "China"]
[BlackTeam "Georgia"]
[WhiteTeamCountry "CHN"]
[BlackTeamCountry "GEO"]

1. e4 c5 2. Nf3 e6 3. d4 cxd4 4. Nxd4 a6 5. c4 Nf6 6. Nc3 Bb4 7. Qd3 Nc6 8.
Nxc6 dxc6 9. Qxd8+ Kxd8 10. Bd2 e5 11. f3 Be6 12. a3 Bc5 13. O-O-O Nd7 14. Kc2
b5 15. b4 Bd4 16. Ne2 bxc4 17. Bf4 a5 18. Nxd4 exd4 19. Rxd4 axb4 20. axb4 Ra2+
21. Kb1 c3 22. Bd3 Rb2+ 23. Kc1 Bb3 24. Bc4 Rc2+ 25. Kb1 Rb2+ 26. Kc1 Rc2+ 27.
Kb1 Rb2+ 28. Kc1 Rc2+ 1/2-1/2

[Event "Campeoanto del Mundo Femenino Equipos"]
[Site "Ekaterinburg RUS"]
[Date "2007.05.23"]
[Round "4.43"]
[White "Nill, Jessica"]
[Black "Gaponenko, Inna"]
[Result "1/2-1/2"]
[WhiteElo "2283"]
[BlackElo "2451"]
[PlyCount "127"]
[EventDate "2007.05.20"]
[EventType "team"]
[EventCountry "RUS"]
[Source "lmi"]
[SourceDate "2007.05.19"]
[WhiteTeam "Germany"]
[BlackTeam "Ukraine"]
[WhiteTeamCountry "GER"]
[BlackTeamCountry "UKR"]

1. d4 Nf6 2. c4 e6 3. Nc3 Bb4 4. e3 O-O 5. Nge2 d5 6. a3 Be7 7. Nf4 c6 8. Bd3
dxc4 9. Bxc4 b5 10. Be2 b4 11. axb4 Bxb4 12. O-O a5 13. Na4 Ba6 14. Nd3 Nbd7
15. Qc2 Qc7 16. h3 Rfc8 17. Rd1 c5 18. dxc5 Bxd3 19. Qxd3 Nxc5 20. Nxc5 Qxc5
21. Bd2 h6 22. Rdc1 Qb6 23. Rxc8+ Rxc8 24. Bxb4 Qxb4 25. Qb5 Qd2 26. Rd1 Rc1
27. Rxc1 Qxc1+ 28. Kh2 Qe1 29. Qb8+ Kh7 30. Bd3+ g6 31. Qf8 Qxf2 32. Qxf7+ Kh8
33. Qxg6 Qxb2 34. Qxh6+ Kg8 35. Qg5+ Kf7 36. Qxa5 Qb8+ 37. Kh1 Nd5 38. Be4 Nf6
39. Qa8 Qg3 40. Qa7+ Kf8 41. Bf3 e5 42. Qc5+ Kg7 43. Qc3 Kg6 44. e4 Qf4 45. Qc8
Kg5 46. Qc2 Qe3 47. Kh2 Kh4 48. g3+ Kg5 49. Kg2 Kh6 50. Qf2 Qd3 51. Qa2 Kg7 52.
h4 Nxe4 53. Qa7+ Kf6 54. Qb6+ Nd6 55. Qd8+ Ke6 56. Qg8+ Ke7 57. Qg5+ Ke6 58. h5
Nf7 59. Qg6+ Qxg6 60. hxg6 Ng5 61. Kf2 Kf6 62. Ke3 Kxg6 63. Be4+ Nxe4 64. Kxe4
1/2-1/2

[Event "Campeoanto del Mundo Femenino Equipos"]
[Site "Ekaterinburg RUS"]
[Date "2007.05.23"]
[Round "4.53"]
[White "Korbut, Ekaterina"]
[Black "Zawadzka, Jolanta"]
[Result "1/2-1/2"]
[WhiteElo "2429"]
[BlackElo "2348"]
[PlyCount "131"]
[EventDate "2007.05.20"]
[EventType "team"]
[EventCountry "RUS"]
[Source "lmi"]
[SourceDate "2007.05.19"]
[WhiteTeam "Russia"]
[BlackTeam "Poland"]
[WhiteTeamCountry "RUS"]
[BlackTeamCountry "POL"]

1. e4 e5 2. Nf3 Nc6 3. Bb5 a6 4. Ba4 Nf6 5. Bxc6 dxc6 6. d3 Nd7 7. Nbd2 Bd6 8.
Nc4 c5 9. b3 O-O 10. O-O Re8 11. Bb2 f6 12. Nh4 Nf8 13. Nf5 Be6 14. f4 exf4 15.
Ncxd6 cxd6 16. Rxf4 Ng6 17. Rf2 d5 18. exd5 Qxd5 19. Qh5 Bxf5 20. Rxf5 Qe6 21.
Rf3 b6 22. Raf1 Rad8 23. Rh3 Nf8 24. Rg3 Ng6 25. Rh3 Nf8 26. Qh4 Rd5 27. Bc3
Rg5 28. Re1 Qd5 29. Rg3 Rxe1+ 30. Bxe1 Rxg3 31. Bxg3 Ne6 32. Qc4 Qf5 33. Qxa6
Nd4 34. Bf2 Qg4 35. h3 Qf4 36. Qc8+ Kf7 37. Qd7+ Kf8 38. Qc8+ Kf7 39. Qd7+ Kf8
40. Qd8+ Kf7 41. Qd5+ Kf8 42. Bxd4 cxd4 43. Qe4 Qd6 44. Qxh7 Qa3 45. Qe4 Qxa2
46. Qxd4 Qxc2 47. Qb4+ Ke8 48. Qc4 Qd1+ 49. Kh2 Ke7 50. b4 Qd2 51. Qc7+ Kf8 52.
b5 Qe3 53. Qd6+ Kf7 54. d4 g5 55. d5 Kg6 56. Qg3 Qd4 57. Qd6 Qe3 58. Qb8 Qd4
59. Qd6 Qe3 60. Qe6 Qf4+ 61. Kg1 Qd4+ 62. Kh1 Qc5 63. Kh2 Qd4 64. Kh1 Qa1+ 65.
Kh2 Qd4 66. Qd6 1/2-1/2

[Event "Campeoanto del Mundo Femenino Equipos"]
[Site "Ekaterinburg RUS"]
[Date "2007.05.24"]
[Round "5.11"]
[White "Socko, Monika"]
[Black "Le Kieu Thien, Kim"]
[Result "0-1"]
[WhiteElo "2481"]
[BlackElo "2298"]
[PlyCount "121"]
[EventDate "2007.05.20"]
[EventType "team"]
[EventCountry "RUS"]
[Source "lmi"]
[SourceDate "2007.05.19"]
[WhiteTeam "Poland"]
[BlackTeam "Vietnam"]
[WhiteTeamCountry "POL"]
[BlackTeamCountry "VIE"]

1. d4 d5 2. c4 c6 3. e3 Nf6 4. Nf3 e6 5. Bd3 Nbd7 6. O-O Bd6 7. Nc3 O-O 8. e4
dxe4 9. Nxe4 Nxe4 10. Bxe4 Nf6 11. Bc2 h6 12. b3 b6 13. Bb2 Bb7 14. Qd3 Qe7 15.
Rad1 Rfd8 16. Rfe1 Rac8 17. h3 Ba6 18. Ne5 Bxe5 19. Rxe5 c5 20. d5 Rxd5 21.
Rxd5 exd5 22. Bxf6 Qxf6 23. Qh7+ Kf8 24. cxd5 Rd8 25. Be4 g5 26. Bf3 Bc8 27.
Qd3 Bf5 28. Be4 Bxe4 29. Qxe4 Kg7 30. g3 Rd6 31. Rd3 Qa1+ 32. Kg2 Qf6 33. Rf3
Qd4 34. Qxd4+ cxd4 35. Rf5 d3 36. Kf3 Rf6 37. Rxf6 Kxf6 38. Ke3 Ke5 39. Kxd3
Kxd5 40. Ke3 Ke5 41. f4+ gxf4+ 42. gxf4+ Kd5 43. Kd3 b5 44. Ke3 a5 45. Kd3 a4
46. h4 h5 47. Ke3 axb3 48. axb3 Kc5 49. Ke4 Kb4 50. Kf5 Kxb3 51. Kf6 Kc4 52.
Kxf7 b4 53. f5 b3 54. f6 b2 55. Kg7 b1=Q 56. f7 Qg1+ 57. Kh7 Qf2 58. Kg7 Kd5
59. f8=Q Qxf8+ 60. Kxf8 Ke6 61. Ke8 0-1

[Event "Campeoanto del Mundo Femenino Equipos"]
[Site "Ekaterinburg RUS"]
[Date "2007.05.24"]
[Round "5.13"]
[White "Zawadzka, Jolanta"]
[Black "Nguyen Thi Thanh An"]
[Result "1-0"]
[WhiteElo "2348"]
[BlackElo "2284"]
[PlyCount "109"]
[EventDate "2007.05.20"]
[EventType "team"]
[EventCountry "RUS"]
[Source "lmi"]
[SourceDate "2007.05.19"]
[WhiteTeam "Poland"]
[BlackTeam "Vietnam"]
[WhiteTeamCountry "POL"]
[BlackTeamCountry "VIE"]

1. e4 c5 2. Nf3 d6 3. d4 cxd4 4. Nxd4 Nf6 5. Nc3 Nc6 6. Bg5 Bd7 7. Nb3 e6 8.
Nb5 Qb8 9. Bxf6 gxf6 10. Qh5 a6 11. Nc3 b5 12. Bd3 Ne5 13. O-O b4 14. Ne2 Nxd3
15. cxd3 Qb5 16. Qf3 Qg5 17. d4 h5 18. Rac1 Qg4 19. Qe3 Rg8 20. g3 h4 21. Nd2
Bb5 22. Nc4 Rd8 23. Rc2 Rg6 24. f3 Qg5 25. f4 Qh6 26. Qf3 hxg3 27. Nxg3 Qh3 28.
Rff2 Be7 29. f5 Rg5 30. fxe6 fxe6 31. Ne3 Kd7 32. d5 Rdg8 33. dxe6+ Qxe6 34.
Nef5 Qe5 35. Qe3 Bd8 36. Rg2 Ke8 37. h4 Rg4 38. h5 Bd7 39. h6 Bxf5 40. Nxf5 Bb6
41. Qxb6 Rxg2+ 42. Rxg2 Rxg2+ 43. Kxg2 Qxe4+ 44. Kg3 Qe5+ 45. Kg2 Qe4+ 46. Kh2
Qxf5 47. Qb8+ Ke7 48. Qb7+ Ke8 49. h7 Qh5+ 50. Kg3 Qg5+ 51. Kf3 Qh5+ 52. Ke3
Qh6+ 53. Kd3 Kf8 54. Qc8+ Kf7 55. Qg8+ 1-0

[Event "Campeoanto del Mundo Femenino Equipos"]
[Site "Ekaterinburg RUS"]
[Date "2007.05.24"]
[Round "5.14"]
[White "Pham Le Thao, Nguyen"]
[Black "Przezdziecka, Marta"]
[Result "0-1"]
[WhiteElo "2263"]
[BlackElo "2304"]
[PlyCount "72"]
[EventDate "2007.05.20"]
[EventType "team"]
[EventCountry "RUS"]
[Source "lmi"]
[SourceDate "2007.05.19"]
[WhiteTeam "Vietnam"]
[BlackTeam "Poland"]
[WhiteTeamCountry "VIE"]
[BlackTeamCountry "POL"]

1. e4 c5 2. Nc3 Nc6 3. g3 g6 4. Bg2 Bg7 5. Nge2 e5 6. d3 d6 7. Nd5 Nge7 8. Bg5
h6 9. Be3 Nxd5 10. exd5 Ne7 11. c3 O-O 12. O-O Nf5 13. Bd2 Bd7 14. Re1 Qc7 15.
Rb1 Rae8 16. Qc2 g5 17. b4 b6 18. a4 Rc8 19. Qa2 Ne7 20. c4 f5 21. bxc5 bxc5
22. a5 f4 23. Nc3 f3 24. Bf1 Bf5 25. Ne4 Qd7 26. Bc3 Bh3 27. Nd2 Bxf1 28. Nxf1
Qh3 29. Ne3 Nf5 30. Rf1 g4 31. Rb7 Nd4 32. Re1 Rb8 33. Qb2 Rxb7 34. Qxb7 Nc2
35. Qb2 Nxe3 36. fxe3 f2+ 0-1

[Event "Campeoanto del Mundo Femenino Equipos"]
[Site "Ekaterinburg RUS"]
[Date "2007.05.24"]
[Round "5.23"]
[White "Khurtsidze, Nino"]
[Black "Kovalevskaya, Ekaterina"]
[Result "0-1"]
[WhiteElo "2469"]
[BlackElo "2432"]
[PlyCount "76"]
[EventDate "2007.05.20"]
[EventType "team"]
[EventCountry "RUS"]
[Source "lmi"]
[SourceDate "2007.05.19"]
[WhiteTeam "Georgia"]
[BlackTeam "Russia"]
[WhiteTeamCountry "GEO"]
[BlackTeamCountry "RUS"]

1. d4 Nf6 2. c4 e6 3. Nf3 b6 4. e3 Bb7 5. Bd3 Bb4+ 6. Nbd2 O-O 7. O-O d5 8. Qc2
c5 9. cxd5 Qxd5 10. e4 Qh5 11. e5 Bxd2 12. exf6 Bxc1 13. Be4 Bxe4 14. Qxe4 Bxb2
15. fxg7 Kxg7 16. Qxa8 Bxa1 17. Rxa1 cxd4 18. Qxa7 Qc5 19. h3 Rd8 20. Rb1 Nd7
21. Qb7 d3 22. Qe4 Nf6 23. Qf4 Qf5 24. Qg3+ Qg6 25. Qc7 Rd7 26. Qxb6 d2 27. Rd1
Qc2 28. Qb3 Qxb3 29. axb3 Ne4 30. Kf1 f6 31. g4 h6 32. h4 Rd5 33. b4 Kf8 34. b5
Ke8 35. b6 Kd8 36. Nxd2 Rxd2 37. Rb1 Kc8 38. f3 Rf2+ 0-1

[Event "Campeoanto del Mundo Femenino Equipos"]
[Site "Ekaterinburg RUS"]
[Date "2007.05.24"]
[Round "5.33"]
[White "Gaponenko, Inna"]
[Black "Ruan, Lufei"]
[Result "1/2-1/2"]
[WhiteElo "2451"]
[BlackElo "2370"]
[PlyCount "115"]
[EventDate "2007.05.20"]
[EventType "team"]
[EventCountry "RUS"]
[Source "lmi"]
[SourceDate "2007.05.19"]
[WhiteTeam "Ukraine"]
[BlackTeam "China"]
[WhiteTeamCountry "UKR"]
[BlackTeamCountry "CHN"]

1. e4 e5 2. Nf3 Nc6 3. Bb5 Nf6 4. O-O Nxe4 5. d4 Nd6 6. Bxc6 dxc6 7. dxe5 Nf5
8. Qxd8+ Kxd8 9. Nc3 Bd7 10. h3 h6 11. Bf4 Kc8 12. Rad1 b6 13. Bh2 Ne7 14. Rfe1
c5 15. e6 fxe6 16. Ne5 Be8 17. Nd3 Nf5 18. Nf4 Nd4 19. Nxe6 Nxe6 20. Rxe6 Kb7
21. Nd5 Rd8 22. Ree1 Bd6 23. Bxd6 Rxd6 24. Re7 Bc6 25. Ne3 Rxd1+ 26. Nxd1 Re8
27. Rxe8 Bxe8 28. f4 b5 29. Kf2 Kc6 30. Ne3 Bg6 31. Kf3 Kd6 32. g4 Bh7 33. a3
c6 34. h4 Ke6 35. h5 Kf6 36. f5 Ke5 37. Ng2 Bg8 38. Ke3 Bf7 39. Nh4 Kf6 40. Kf4
a5 41. Nf3 c4 42. c3 a4 43. Nd2 Bd5 44. Nf1 Bf7 45. Ne3 Bd5 46. Nd1 Bh1 47. Ne3
Bd5 48. Nc2 Bh1 49. Nb4 Bg2 50. Na6 Bh1 51. Nc5 Bd5 52. g5+ hxg5+ 53. Kg4 Bg2
54. Nd7+ Ke7 55. Ne5 Kf6 56. Nd7+ Ke7 57. Nc5 Kf6 58. Nd7+ 1/2-1/2

[Event "Campeoanto del Mundo Femenino Equipos"]
[Site "Ekaterinburg RUS"]
[Date "2007.05.24"]
[Round "5.51"]
[White "Jackova, Jana"]
[Black "Sabure, Tuduetso"]
[Result "1-0"]
[WhiteElo "2423"]
[BlackElo "2067"]
[PlyCount "63"]
[EventDate "2007.05.20"]
[EventType "team"]
[EventCountry "RUS"]
[Source "lmi"]
[SourceDate "2007.05.19"]
[WhiteTeam "Czech Republic"]
[BlackTeam "Botswana"]
[WhiteTeamCountry "CZE"]
[BlackTeamCountry "BOT"]

1. e4 e6 2. d4 d5 3. Nc3 Nf6 4. Bg5 Be7 5. e5 Nfd7 6. Bxe7 Qxe7 7. f4 c6 8. Nf3
Nb6 9. Bd3 N8d7 10. O-O g6 11. Qe1 O-O 12. Nd1 c5 13. c3 c4 14. Bc2 a5 15. Ne3
f5 16. exf6 Nxf6 17. Qh4 Qg7 18. Ne5 Nbd7 19. Rf3 Nh5 20. Raf1 Nhf6 21. Qg5 Ne4
22. Bxe4 dxe4 23. Rh3 Nxe5 24. fxe5 Rxf1+ 25. Kxf1 b5 26. Ng4 h5 27. Nf6+ Kf8
28. Nxe4 Bb7 29. Rf3+ Kg8 30. Nf6+ Kh8 31. Rh3 Rf8 32. Rxh5+ 1-0